| 000 | 00000nas##2200000za#4500 |
| 001 | 9.509226 |
| 003 | CaOODSP |
| 005 | 20231123084320 |
| 007 | ta |
| 008 | 150406c1990||||xxc|| p #||||f| |0eng|d |
| 040 | |aCaOODSP|beng |
| 041 | |aeng |
| 041 | |afre |
| 043 | |an-cn--- |
| 086 | 1 |aE2-39 |
| 110 | 1 |aCanada. |bForeign Affairs and International Trade Canada. |
| 245 | 10|aDocuments on Canadian external relations |
| 260 | |aOttawa - Ontario : |bForeign Affairs and International Trade |
| 310 | |aAnnual |
| 362 | 1 |aVol. 1-- |
| 520 | 3 |aThe most important documents on Canada’s relations with other countries, printed in the language in which they were written or received by the Canadian government. |
| 546 | |aPrefatory matter, headings and notes in English and in French. Text in English only. |
| 563 | |aHardcover |
| 690 | 07|aExternal relations|2gcpds |
| 690 | 07|aForeign policy|2gcpds |
| 690 | 07|aHistory|2gcpds |
| 776 | 0#|tDocuments relatifs aux relations extérieures du Canada |w(CaOODSP)9.801838 |
| 792 | |tDocuments relatifs aux relations extérieures du Canada |efre|w(CaOODSP)9.509227 |